000 00304nam a22001337a 4500
008 171206b xxu||||| |||| 00| 0 eng d
020 _a9781256462644
041 _aeng
080 _a621
100 _a27
101 _aIM
245 _aADVANCED ENGINEERING MATHEMATICS
_cGREENBERG,M.D
942 _2udc
_cBK
999 _c38792
_d38792